Visualizzazione normale
Vista MARC
- Cé Marco
di Personal Name
Records bibliografici associati: 2
001 - CONTROL NUMBER
- control field: 63607
003 - CONTROL NUMBER IDENTIFIER
- control field:
005 - DATE AND TIME OF LATEST TRANSACTION
- control field: 20260324114938.0
008 - FIXED-LENGTH DATA ELEMENTS
- fixed length control field: 260324|| aca||aabn | a|a d
040 ## - CATALOGING SOURCE
- Original cataloging agency:
- Transcribing agency:
100 ## - HEADING--PERSONAL NAME
- Personal name: Cé Marco
670 ## - SOURCE DATA FOUND
- Source citation: Work cat.: ()206707: Cé Marco, Sposi, amate la parola di Dio, 1997